Holiday Quiz

Random Holiday or Halloween Quiz
Score 0/13 Timer 04:00
5 Plays Today
Question Answer Wrong Answers
Which does not contain crisped rice? Mentos
88.6%
Nestlé Crunch
1.3%
Krackel
1.3%
Mr. Big
2.7%
Which candy does not contain marshmallow? Hershey bar
86.4%
Cup-o-Gold
4.7%
Rocky Road
1.9%
Mallo Cup
1%
Which is not a fruit flavored candy? ZERO
85.2%
Mike and Ike
6.9%
Starburst
1%
Skittles
0.9%
Which candy is not normally associated directly with a particular holiday? Pop Rocks
84.1%
Candy Cane
2.6%
Peeps
4.4%
Cadbury Creme Egg
2.9%
Which candy does not contain wafers? Mounds
83.3%
Kit Kat
1.3%
Reese's Sticks
5.9%
Coffee Crisp
3.5%
Which is not a coconut candy? Milky Way
82.1%
Almond Joy
4.3%
Mounds
2.2%
Zagnut
5.5%
Which is not a bubble gum brand? Bubble Bobble
79.6%
Bubble Yum
4.2%
Hubba Bubba
3%
Bubble Tape
7.3%
Which candy does not contain caramel? Necco Wafers
72.8%
Twix
1.6%
Snickers
1.7%
Milk Duds
17.9%
Which candy bar does not have a type of nougat in it? Krackel
72.6%
3 Musketeers
9.1%
Mars Bar
5.7%
Baby Ruth
6.7%
Which candy does not contain toffee? Now and Later
66.3%
Skor
6.5%
Heath bar
6%
Crunchie
15.3%
Which candy is not made from chocolate? Zagnut
64.4%
Nestlé Chunky
2.3%
Whatchamacallit
21.8%
Rolo
5.6%
Which does not have a hard candy shell? Sugar Babies
64.1%
Good & Plenty
17.1%
Jordan almonds
11.3%
M&M's
1.5%
Which candy is not made of crunchy peanut butter wafers covered in chocolate? Reese's Peanut Butter Cups
57.9%
Clark Bar
11.9%
Butterfinger
8.9%
5th Avenue
15.4%

You're not logged in!

Compare scores with friends on all Sporcle quizzes.
OR
Log In

Sporcle TV

Today on Sporcle TV


Watch our educational content, quiz creation guides, and fun videos on Sporcle TV.

Show Comments

Extras

Top Quizzes Today


Score Distribution

Your Account Isn't Verified!

In order to create a playlist on Sporcle, you need to verify the email address you used during registration. Go to your Sporcle Settings to finish the process.

Report this User

Report this user for behavior that violates our Community Guidelines.

Details: